| 000 | 00460nam a22001817a 4500 | ||
|---|---|---|---|
| 003 | CEME | ||
| 005 | 20210628204416.0 | ||
| 008 | 210219b xxu||||| |||| 00| 0 eng d | ||
| 020 | _a0-930403-38-X | ||
| 040 | _c. | ||
| 082 | _a629.1 DHI'M | ||
| 100 |
_aDhillon, B.S _956117 |
||
| 245 | _aMechanical relibality theory,models and applications | ||
| 260 |
_aUSA _bAIAA _c1988 |
||
| 300 | _a330P | ||
| 650 |
_aRELIABILITY-ENGINEERING _93507 |
||
| 942 |
_cBK _2ddc |
||
| 999 |
_c577241 _d577241 |
||